San Cugat del Vallès : su descripción y su historia / por D. José de Peray y March... su descripción y su historia / por D. José de Peray y March...
Descripción Física:
266 p. : il. ; 28 cm
Materias:
Monestir de Sant Cugat del Vallès
MARC
| LEADER | 00000nam a2200000Ia 4500 | ||
|---|---|---|---|
| 001 | 11831 | ||
| 008 | 160829s1931 xx 000 0 cat d | ||
| 080 | |a H-1-250 | ||
| 100 | |a Peray i March, Josep de |9 37881 | ||
| 245 | |a San Cugat del Vallès : |b su descripción y su historia / por D. José de Peray y March... | ||
| 250 | |a 2a ed., corr. y aum. | ||
| 260 | |a Barcelona : |b (Imp. Casa de Caritat), |c 1931 | ||
| 300 | |a 266 p. : |b il. ; |c 28 cm | ||
| 650 | |a Monestir de Sant Cugat del Vallès |9 29650 | ||
| 901 | |a Arxiu | ||
| 942 | |n 1 | ||
| 952 | |0 0 |1 0 |4 0 |6 H1250 |7 1 |9 48133 |a Arxiu |b Arxiu |d 2016-12-01 |l 0 |o H-1-250 |p 11831 |r 2016-12-01 00:00:00 |w 2016-12-01 |y ARXIU | ||
| 999 | |c 51936 |d 51936 | ||